|
|
|
|
| LEADER |
00000nam a2200000 a 4500 |
| 001 |
vtls010666495 |
| 003 |
SK-MaSNL |
| 005 |
20260301091008.0 |
| 007 |
co bg auuua |
| 008 |
160430s2014 xo | fs 000 0 slo |
| 015 |
|
|
|a SNBS2016
|
| 020 |
|
|
|a 9788022539784 (elektronická kniha)
|
| 040 |
|
|
|a SNK
|b slo
|c SNK
|e AACR2
|
| 041 |
0 |
|
|a slo
|
| 044 |
|
|
|a xo
|c SK
|
| 072 |
|
7 |
|a 005
|x Manažment. Riadenie
|2 konspekt
|
| 080 |
|
|
|a 005.332.1
|2 2011
|
| 080 |
|
|
|a (082)
|2 2011
|
| 080 |
|
|
|a (0.034.44)
|2 2011
|
| 245 |
0 |
0 |
|a Zvyšovanie výkonnosti podnikov aplikáciou moderných optimalizačných metód a potupov umelej inteligencie
|h elektronický zdroj
|b recenzovaný zborník vedeckých prác k riešeniu projektu MVP č. I-14-116-00
|c redakčné a zostavovateľské práce: Stela Beslerová
|
| 260 |
|
|
|a Bratislava
|b Ekonomická univerzita
|c 2014
|
| 300 |
|
|
|a 1 elektronický optický disk (CD-ROM)
|c 12 cm
|
| 500 |
|
|
|a Názov z titulnej obrazovky
|
| 504 |
|
|
|a Bibliogr. odkazy
|
| 516 |
|
|
|a Textový dokument (zborník), súbory vo formáte pdf
|
| 536 |
|
|
|a Projekt MVP č. I-14-116-00
|
| 538 |
|
|
|a Technické požiadavky: PDF prehliadač
|
| 650 |
0 |
7 |
|a výkonnosť podniku
|2 SNKPH
|9 68615
|
| 650 |
0 |
7 |
|a Industrial productivity
|2 SNKPHeng
|9 117818
|
| 655 |
|
7 |
|a elektronické zdroje
|2 SNKPH
|9 90954
|
| 655 |
|
7 |
|a CD-ROM
|2 SNKPH
|9 70236
|
| 655 |
|
7 |
|a zborník
|2 SNKPH
|9 377384
|
| 655 |
|
7 |
|a Papers of several authors
|2 SNKPHeng
|9 153738
|
| 655 |
|
7 |
|a Electronic resources
|2 SNKPHeng
|9 175546
|
| 700 |
1 |
|
|a Beslerová, Stela
|4 com
|9 419637
|
| 710 |
2 |
|
|a Ekonomická univerzita v Bratislave.
|b Podnikovohospodárska fakulta v Košiciach
|4 pbl
|
| 919 |
|
|
|a 978-80-225-3978-4
|
| 958 |
|
|
|a NB
|
| 999 |
|
|
|c 669809
|d 671739
|
| 952 |
|
|
|a SNK
|b SNK
|y PREZ
|7 0
|p 17A1156147
|o snkSCDM 7312
|i snk2015/12246
|8 0
|0 0
|1 0
|4 0
|d 2015-04-13
|l 0
|r 2026-02-23 19:23:08
|w 2026-02-23
|
| 952 |
|
|
|t snkZVY 005
|a SNKMST
|b SNKMST
|y PREZ
|7 0
|p 17A1156146
|o snkSCDM 7312 D1
|i snk2015/12247
|8 0
|0 0
|1 0
|4 0
|d 2015-04-13
|l 0
|r 2025-08-12 00:00:00
|w 2026-02-23
|